Who's who in Japanese government 1992/93

Đã lưu trong:
书目详细资料
格式: 图书
语言:Undetermined
出版: Tokyo International Cultural Association 1992
主题:
标签: 添加标签
没有标签, 成为第一个标记此记录!
Thư viện lưu trữ: Trung tâm Học liệu Trường Đại học Cần Thơ
LEADER 00550nam a2200181Ia 4500
001 CTU_104747
008 210402s9999 xx 000 0 und d
082 |a 354.52 
082 |b W628 
245 0 |a Who's who in Japanese government 1992/93 
245 0 |c Siezaburo Sato edited 
260 |a Tokyo 
260 |b International Cultural Association 
260 |c 1992 
650 |a Administrative agencies,Cơ quan hành chính 
650 |x Directories,Từ điển 
650 |z Japan 
980 |a Trung tâm Học liệu Trường Đại học Cần Thơ